Statistics for Films based on Marvel and DC comics

Click here to take the quiz!

General Stats

  • This quiz has been taken 386 times
    (374 since last reset)
  • The average score is 54 of 90

Answer Stats

ComicYearDirectorMovie% Correct
DC1989Tim BurtonBatman
97%
DC1966Leslie H. MartinsonBatman: The Movie
97%
DC1978Richard DonnerSuperman
95%
Marvel2008Jon FavreauIron Man
92%
Marvel2002Sam RaimiSpider-Man
91%
Marvel2012Joss WhedonThe Avengers
90%
Marvel2010Jon FavreauIron Man 2
88%
Marvel2004Sam RaimiSpider-Man 2
87%
DC2008Christopher NolanThe Dark Knight
87%
Marvel2013Shane BlackIron Man 3
86%
Marvel2011Kenneth BranaghThor
86%
Marvel2003Ang LeeHulk
85%
Marvel2007Sam RaimiSpider-Man 3
85%
Marvel2000Bryan SingerX-Men
83%
DC2005Christopher NolanBatman Begins
81%
Marvel2012Marc WebbThe Amazing Spider-Man
81%
Marvel2015 (post-production)Joss WhedonAvengers: Age of Ultron
79%
DC1981Richard LesterSuperman II
79%
DC1983Richard LesterSuperman III
79%
Marvel2003Bryan SingerX2: X-Men United
79%
DC1997Joel SchumacherBatman & Robin
78%
Marvel2014Marc WebbThe Amazing Spider-Man 2
78%
DC2012Christopher NolanThe Dark Knight Rises
78%
Marvel2016 (pre-production)Anthony and Joe RussoCaptain America: Civil War
77%
Marvel2014Anthony and Joe RussoCaptain America: The Winter Soldier
77%
DC2013Zack SnyderMan of Steel
77%
Marvel2008Louis LeterrierThe Incredible Hulk
77%
Marvel2013Alan TaylorThor: The Dark World
77%
DC2016 (post-production)Zack SnyderBatman v Superman: Dawn of Justice
75%
DC2017 (announced)Michelle MacLarenWonder Woman
75%
DC1987Sidney J. FurieSuperman IV: The Quest for Peace
74%
Marvel2006Brett RatnerX-Men: The Last Stand
74%
DC2017 (announced)Zack SnyderJustice League Part One
73%
Marvel2015 (post-production)Peyton ReedAnt-Man
72%
Marvel2018 (announced)Avengers: Infinity War Part I
72%
DC1992Tim BurtonBatman Returns
72%
Marvel2013James MangoldThe Wolverine
72%
DC1995Joel SchumacherBatman Forever
71%
Marvel2005Tim StoryFantastic Four
71%
Marvel2014James GunnGuardians of the Galaxy
71%
Marvel2017 (announced)Spider-Man
71%
Marvel2015 (post-production)Josh TrankThe Fantastic Four
71%
Marvel2011Joe JohnstonCaptain America: The First Avenger
70%
DC2011Martin CampbellGreen Lantern
70%
DC2020 (announced)Green Lantern
70%
DC2006Bryan SingerSuperman Returns
66%
Marvel2011Matthew VaughnX-Men: First Class
66%
Marvel2003Mark Steven JohnsonDaredevil
65%
Marvel2014Bryan SingerX-Men: Days of Future Past
65%
Marvel2018 (announced)Black Panther
63%
Marvel1998Stephen NorringtonBlade
61%
Marvel2007Tim StoryFantastic Four: Rise of the Silver Surfer
61%
Marvel2009Gavin HoodX-Men Origins: Wolverine
61%
DC2018 (announced)Aquaman
60%
Marvel2016 (pre-production)Scott DerricksonDoctor Strange
60%
DC2018 (announced)The Flash
60%
Marvel2016 (pre-production)Deadpool
59%
Marvel2017 (announced)James GunnGuardians of the Galaxy 2
59%
Marvel2002Guillermo del ToroBlade II
56%
Marvel2004David S. GoyerBlade: Trinity
55%
Marvel2007Mark Steven JohnsonGhost Rider
55%
DC2016 (pre-production)David AyerSuicide Squad
55%
Marvel2016 (pre-production)Bryan SingerX-Men: Apocalypse
54%
DC2009Zack SnyderWatchmen
53%
Marvel2005Rob BowmanElektra
52%
Marvel2004Jonathan HensleighThe Punisher
52%
Marvel2012Neveldine/TaylorGhost Rider: Spirit of Vengeance
46%
Marvel1986Willard HuyckHoward the Duck
45%
DC2004PitofCatwoman
43%
DC2019 (announced)Shazam
43%
DC2019 (announced)Zack SnyderJustice League Part Two
36%
Marvel2017 (announced)Thor: Ragnarok
35%
DC2020 (announced)Cyborg
33%
Marvel2008Lexi AlexandePunisher: War Zone
33%
DC1984Jeannot SzwarcSupergirl
32%
Marvel2019 (announced)Avengers: Infinity War Part II
29%
Marvel2018 (announced)Captain Marvel
26%
DC2010Jimmy HaywardJonah Hex
26%
Marvel2019 (announced)Inhumans
25%
DC1997Kenneth JohnsonSteel
25%
Marvel2010Matthew VaughnKick-Ass
22%
Marvel2013Jeff WadlowKick-Ass 2
22%
DC2006James McTeigueV for Vendetta
21%
DC2005Francis LawrenceConstantine
18%
DC1951Lee SholemSuperman and the Mole-Men
16%
DC2008Frank MillerThe Spirit
15%
Marvel2016 (announced)Gambit
14%
Marvel2017 (announced)The Wolverine sequel
12%
DC2003Stephen NorringtonThe League of Extraordinary Gentlemen
10%
Marvel2017 (announced)The Fantastic Four 2
2%

Score Distribution

Percentile by Number Answered

Percent of People with Each Score

Your Score History

You have not taken this quiz since the last reset